Implicate relations : society and space in the Israel-Palestinian conflict

Αποθηκεύτηκε σε:
Λεπτομέρειες βιβλιογραφικής εγγραφής
Κύριος συγγραφέας: Portugali, Juval
Μορφή: Βιβλίο
Γλώσσα:English
Δημοσίευση: Dordrecht : Kluwer Acadademic Publishers, c1993
Σειρά:GeoJournal library ; ; 23
Θέματα:
Ετικέτες: Προσθήκη ετικέτας
Δεν υπάρχουν, Καταχωρήστε ετικέτα πρώτοι!

MARC

LEADER 00000nam a2200000 i 4500
001 1/99359
008 000127s1993 eng d
020 |a 0-7923-1886-2 
035 |l 10056852 
040 |a GR-MY-UA  |b gre  |e aacr 
041 0 |a eng 
082 0 |a 303.4825694017927 
100 1 |a Portugali, Juval. 
245 1 0 |a Implicate relations :  |b society and space in the Israel-Palestinian conflict /  |c Juval Portugali 
260 |a Dordrecht :   |b Kluwer Acadademic Publishers,   |c c1993 
300 |a 202 p.  |b fig.; tabl. 
490 1 |a GeoJournal Library  |v ; 23 
504 |a Includes bibliographical references and index 
650 0 0 |a Jewish-Arab relations  |y 1973- 
650 0 0 |a Palestinian Arabs  |x Employment  |z Israel. 
650 0 0 |a Palestinian Arabs  |x Social conditions. 
651 0 |a Israel  |x Social conditions. 
651 0 |a Israel  |x Ethnic relations. 
830 0 |a GeoJournal library ;  |v ; 23 
852 |a INST  |b LESVOS  |e 20000127  |h 303.4825694017927 POR  |p 005100021543  |q 005100021543  |t BK  |y 0 
901 |a BIBL1-2000-1 
909 |a Λ  |b 070381 
922 |a 1ΕΛΗ  |b 199911  |c ΚΠΣ/ΤΓ  |d LEADER 
950 |a 118-1999-09-03 
970 |a ΜΟΥΣΤΑΚΑ  |b ΠΗΝΕΛΟΠΗ  |z 2000/02/21